شامبليون والاحتفال بمرور 150 عاما على قيامه بحل رموز الهيروغليفية

محفوظ في:

التنسيق: كتاب

اللغة: Undetermined

منشور في: Cairo Egyptian General Authority for Antiquities 1972

الوسوم: إضافة وسم

لا توجد وسوم, كن أول من يضع وسما على هذه التسجيلة!

رقم الطلب: (P)PJ1064 .C6 V31

LEADER 00396nam a2200109Ia 4500
008 240503s9999||||xx |||||||||||||| ||und||
050 4 |a (P)PJ1064 .C6 V31 
245 1 0 |a شامبليون والاحتفال بمرور 150 عاما على قيامه بحل رموز الهيروغليفية 
264 1 |a Cairo  |b Egyptian General Authority for Antiquities  |c 1972 
300 |a 27  |c 24 
942 |2 lcc  |c PT 
999 |c 58278  |d 58278